A sol-gel matrix to preserve the viability of encapsulated bacteria /
Guardado en:
| Otros Autores: | , , , , , |
|---|---|
| Formato: | Artículo |
| Lenguaje: | English |
| Materias: | |
| Etiquetas: |
Agregar Etiqueta
Sin Etiquetas, Sea el primero en etiquetar este registro!
|
| Thư viện lưu trữ: | Thư viện Trường Đại học Đà Lạt |
|---|
| LEADER | 00908nam a2200313 4500 | ||
|---|---|---|---|
| 001 | DLU090095270 | ||
| 005 | ##20091201 | ||
| 040 | # | # | |a DLU |b eng |
| 041 | # | # | |a eng |
| 044 | # | # | |a us |
| 245 | # | # | |a A sol-gel matrix to preserve the viability of encapsulated bacteria / |c Nadine Nassif... [et al.]. |
| 653 | # | # | |a Bacteria |
| 653 | # | # | |a Genetics |
| 700 | # | # | |a Bouvet, Odile M. M. |
| 700 | # | # | |a Coradin, Thibaud. |
| 700 | # | # | |a Livage, Jacques. |
| 700 | # | # | |a Nassif, Nadine. |
| 700 | # | # | |a Rager, Marie-Noelle. |
| 700 | # | # | |a Roux, Cecile. |
| 773 | # | # | |t Journal of Materials Chemistry |g Vol. 13, no. 2 (2003), p. 203-209 |
| 920 | # | # | |a Phòng Tạp chí -- Trung tâm Thông tin - Thư viện Trường Đại học Đà Lạt |
| 994 | # | # | |a DLU |
| 900 | # | # | |a True |
| 911 | # | # | |a Trương Bảo Trâm Anh |
| 925 | # | # | |a G |
| 926 | # | # | |a A |
| 927 | # | # | |a BB |
| 980 | # | # | |a Thư viện Trường Đại học Đà Lạt |